| 000 | 01261nam a22002657a 4500 | ||
|---|---|---|---|
| 005 | 20170124103106.0 | ||
| 010 | _aB-178835 | ||
| 020 |
_c175.00 _a8126709545 |
||
| 035 | _aB-178835 | ||
| 037 | _bCen Lib/Ret | ||
| 040 |
_aDPL _bHN |
||
| 082 |
_a921 _bएविलो |
||
| 100 |
_aएविलोव, लीडिया _978308 |
||
| 245 |
_aमेरी ज़िन्दगी में चेखव / _cलीडिया एविलोव; सम्पादक राजेन्द्र यादव |
||
| 246 |
_aMeri zindagi me chekhav / _bby Lidiya Evilav; sampadak Rajendra Yadav |
||
| 260 |
_aनई दिल्ली _bराजकमल प्रकाशन _c2005 |
||
| 270 |
_bनई दिल्ली _a1-बी, नेताजी सुभाष मार्ग, _e110002 |
||
| 300 |
_a150पृ. _c21सेमी(सजिल्द) |
||
| 650 |
_aहिन्दी साहित्य _978309 |
||
| 650 |
_aहिन्दी -- जीवनी - लीडिया एविलोव _978310 |
||
| 650 |
_aHindi literature _978311 |
||
| 650 |
_aHindi -- Biography - Lidiya Evilav _978312 |
||
| 700 |
_aयादव, राजेन्द्र _942810 |
||
| 942 |
_2ddc _cHN _h921 _mएविलो |
||
| 999 |
_c118095 _d118095 |
||